Urban history
Αποθηκεύτηκε σε:
| Μορφή: | Περιοδική έκδοση |
|---|---|
| Γλώσσα: | English |
| Δημοσίευση: |
Canbridge, England :
Cambridge University Press,
c1992-
|
| Θέματα: | |
| Ετικέτες: |
Προσθήκη ετικέτας
Δεν υπάρχουν, Καταχωρήστε ετικέτα πρώτοι!
|
MARC
| LEADER | 00000nas a2200000 i 4500 | ||
|---|---|---|---|
| 001 | 1/47568 | ||
| 008 | 040126c19929999uk r r 0 |eng|| | ||
| 022 | |a 0963-9268 | ||
| 035 | |l 10072101 | ||
| 040 | |a GR-MY-UA |b gre |e aacr | ||
| 041 | 0 | |a eng | |
| 082 | 0 | |a 307.76 |2 (20) | |
| 245 | 0 | 0 | |a Urban history |h [περιοδικό] |
| 260 | |a Canbridge, England : |b Cambridge University Press, |c c1992- | ||
| 300 | |a v. ; |c 24 εκ. | ||
| 310 | |a Τρεις φορές το χρόνο, |b 1995- | ||
| 321 | |a Eξαμηνιαίο, |b 1992-1994 | ||
| 650 | 0 | 0 | |a Cities and towns |x Periodicals. |
| 853 | |a INST |b LESVOS |c SER |h 307.76 | ||
| 901 | |a BIBL1-2004-1 | ||
| 922 | |a 1ΕΛΗ |b 199301 |c ΤΑΚ/ΤΠ |d SWETS | ||
| 970 | |a ΤΖΑΦΕΡΗ |b ΕΥΑΓΓΕΛΙΑ |z 2004/01/26 | ||